Rekordtorschützen - FC Bayern München - Statistiken

Allgemein
  • Dieses Quiz wurde 133 mal gespielt
  • Das Durchschnittsergebnis liegt bei 16 aus 30
Antwortstatistiken
Trefferanzahl Spieler % Korrekt
570 Gerd Müller
99%
248 Thomas Müller
98%
344 Robert Lewandowski
97%
144 Arjen Robben
88%
124 Franck Ribéry
88%
113 Mario Gómez
73%
139 Giovane Élber
72%
93 Serge Gnabry
68%
70 Kingsley Coman
67%
100 Lothar Matthäus
66%
82 Harry Kane
65%
68 Bastian Schweinsteiger
62%
125 Claudio Pizarro
59%
217 Karl-Heinz Rummenigge
57%
103 Roy Makaay
57%
75 Franz Beckenbauer
53%
117 Mehmet Scholl
52%
112 Uli Hoeneß
51%
145 Dieter Hoeneß
50%
110 Paul Breitner
43%
79 Carsten Jancker
41%
62 Michael Ballack
41%
66 Michael Rummenigge
31%
70 Alexander Zickler
29%
74 Klaus Augenthaler
27%
156 Roland Wohlfarth
23%
95 Franz Roth
18%
229 Rainer Ohlhauser
10%
141 Dieter Brenninger
5%
73 Peter Grosser
2%
Keine übereinstimmenden Quizze gefunden
Verteilung der Resultate
Anzahl Personen mit jedem Resultat
Perzentil nach korrekt beantworteten Fragen
Ihre Resultats-Entwicklung
Sie haben dieses Quiz noch nicht gespielt